000 01005cam a2200217 i 4500
020 _a0309029139 :
082 0 0 _a625.84
_bFAI
110 2 _aNational Research Council (U.S.).
_920017
245 1 0 _aFailure and repair of continuously reinforced concrete pavement.
260 _aWashington :
_bTransportation Research Board, National Research Council,
_c1979.
300 _a42 p. :
_bill. ;
_c28 cm.
500 _a"Research sponsored by the American Association of State Highway and Transportation Officials in cooperation with the Federal Highway Administration."
526 _a0
_b0
_c0
_d625_840000000000000_FAI
650 0 _aMCE
_9379
650 0 _aPavements, Reinforced concrete
_xCracking.
_921352
650 0 _aPavements, Reinforced concrete
_xDesign and construction.
_921354
650 0 _aPavements, Reinforced concrete
_xMaintenance and repair.
_921353
710 1 _aUnited States.
_921185
710 2 _aAmerican Association of State Highway and Transportation Officials.
_919553
942 _2ddc
_cBK
999 _c547684
_d547684